Réponse en une seule lettre - Quick quiz - Statistiques

Statistiques générales
  • Ce quiz a été pris 52 fois
  • Le résultat moyen est 11 sur 26
Statistiques - réponses
Hint Réponse % Correct
Si vous ne trouvez pas la réponse à cette question, passez au plan … B
90%
Surmonté d'un accent grave, cette lettre n'est utilisé ainsi que dans un seul mot de la langue française (mais elle a sa place sur votre clavier !) U
68%
Signe de la main pour célébrer une réussite V
68%
Ctrl + _ pour annuler la dernière action Z
68%
Termine la grande majorité des verbes à l'infinitif R
61%
Roman érotique de Pauline Réage, Histoire d'_ O
58%
Il est petit chez Yann Barthès Q
58%
Triplez cette lettre et vous trouverez une innovation qui vous permet de jouer à ce jeu W
58%
Jusqu'en 2020, ceux qui étaient nuls en Math (mais bon en Français) étaient orientés vers ce bac L
55%
Différencie l'homme de la femme Y
55%
Si vous doublez cette lettre, vous avez le nom d'un petit fleuve français bien connu des cruciverbistes A
52%
Prestigieuse école d'ingénieur française X
48%
James Bond ne rend compte qu'à lui (ou elle) M
42%
Si la XJ vous met un XV alors que vous sortiez du XMU cela risque de mettre votre XME en difficulté. il ne vous reste plus qu'à voter pour le XS ou le XC... remplacez X par : P
39%
Racine carré de (-1) I
32%
Cette zone du corps est appelé d'après la première lettre de ce médecin allemand qui l'a identifié chez la moitié de la population G
29%
Comme le chantait Renaud, la môme du huitième, le _, elle aime H
29%
Que la force soit avec toi ! (Unité de mesure de la force dans le SI) N
29%
Pour répondre, une entreprise peut vous fournir une enveloppe... T
29%
Plus rare lettre en Français K
26%
Doublée, cette lettre est interdite en France dans les immatriculations S
26%
Impossible d'aller plus vite C
16%
14 en héxadecimal E
13%
En photographie, indique la valeur de l'ouverture du diaphragme F
10%
Prenez un atome d'Hydrogène, rajoutez-y un neutron et vous obtenez un Isotope dont le symbole est... D
6%
6 juin 1944 J
6%
Aucun quiz correspondant
Distribution des résultats
% des personnes avec chaque résultat
Percentile par nombre de réponses
Votre historique - résultats
Vous n’avez pas pris ce quiz